Куда мы, папа?: пер. с фр.

Bibliografiske detaljer
Hovedforfatter: Фурнье Ж.-Л. Жан-Луи
Summary:Три повести под одной обложкой. Три повести, написанные предельно откровенно. Три повести, о ко­торых вы будете долго вспоминать. «Куда мы, папа?» — письма отца своим детям. Детям необычным — инвалидам. Повесть не оставля­ет горького послевкусия, потому что она — о любви. Родительская любовь абсолютна, ведь мать и отец лю­бят детей не за то, что те получают отличные отметки, и уж тем более не за то, что их дети похожи на всех остальных людей. Рассказчик смог подарить своим детям любовь и сделать счастливыми и их, и самого себя.
Sprog:russisk
Udgivet: Москва, Эксмо, 2014
Serier:Интеллектуальный бестселлер
Fag:
Format: MixedMaterials Bog
KOHA link:https://koha.lib.tpu.ru/cgi-bin/koha/opac-detail.pl?biblionumber=338007

MARC

LEADER 00000nam0a2200000 4500
001 338007
005 20231102005016.0
010 |a 9785699733811 
035 |a (RuTPU)RU\TPU\book\364495 
090 |a 338007 
100 |a 20171116d2014 m y0rusy50 ca 
101 1 |a rus  |c fre 
102 |a RU 
105 |a y z 000ay 
200 1 |a Куда мы, папа?  |e пер. с фр.  |f Ж.-Л. Фурнье 
210 |a Москва  |c Эксмо  |d 2014 
215 |a 222 с. 
225 1 |a Интеллектуальный бестселлер 
330 |a Три повести под одной обложкой. Три повести, написанные предельно откровенно. Три повести, о ко­торых вы будете долго вспоминать. «Куда мы, папа?» — письма отца своим детям. Детям необычным — инвалидам. Повесть не оставля­ет горького послевкусия, потому что она — о любви. Родительская любовь абсолютна, ведь мать и отец лю­бят детей не за то, что те получают отличные отметки, и уж тем более не за то, что их дети похожи на всех остальных людей. Рассказчик смог подарить своим детям любовь и сделать счастливыми и их, и самого себя. 
606 1 |a Французская литература  |x Произведения  |2 stltpush  |3 (RuTPU)RU\TPU\subj\64346  |9 81252 
610 1 |a проза 
610 1 |a интеллектуальные романы 
675 |a 84  |v 4 
700 1 |a Фурнье  |b Ж.-Л.  |g Жан-Луи 
801 1 |a RU  |b 63413507  |c 20171116 
801 2 |a RU  |b 63413507  |c 20171122  |g RCR 
942 |c BK